Wird geladen...

Machiel Van

Bibliographische Detailangaben
1. Verfasser: Lapidus, Michel L, Frankenhuijsen, Machiel Van
Weitere Verfasser: Frankenhuijsen
Format: Printed Book
Veröffentlicht: Springer Science Business Media,New York 2013
Ausgabe:23
Schlagworte:
LEADER 00565nam a2200169 4500
082 |a R 519.2 LAP-C2 
100 |a Lapidus, Michel L, Frankenhuijsen, Machiel Van 
245 |a  Machiel Van  |c Michel L Lapidus and Frankenhuijsen 
250 |a 23 
260 |a Springer Science Business Media,New York  |c 2013 
300
490
650 |a Probabilities-- Applied mathematics 
700 |a Frankenhuijsen 
942 |c BK 
999 |c 205298  |d 205298 
952 |0 0  |1 0  |4 0  |6 R_519_200000000000000_LAPC2  |7 0  |9 218647  |a MAT  |b MAT  |l 0  |o R 519.2 LAP-C2  |p MAT6665  |r 2019-11-01  |w 2019-11-01  |y BK